Volcanoes as landscape forms.

Bibliographic Details
Main Author: Cotton, C. A. (Charles Andrew), 1885-1970
Format: Book
Language:English
Published: New York : Wiley, [1952]
Edition:[1st ed., rev.].
Subjects:

MARC

Tag First Indicator Second Indicator Subfields
LEADER 00000cam a2200000 4500
001 in00000049514
005 20151007071747.0
008 750806s1952 nyua 00000 eng u
010 |a  53010826  
035 |a (OCoLC)01517573 
035 |9 AAE6588AM 
040 |c FQG  |d TXA  |d UtOrBLW 
049 |a TXAM  |c [222339] 
050 0 |a QE522  |b .C6 1952 
082 0 |a 551.21 
092 |a 551.21  |b C851v, 1952 
100 1 |a Cotton, C. A.  |q (Charles Andrew),  |d 1885-1970. 
245 1 0 |a Volcanoes as landscape forms. 
250 |a [1st ed., rev.]. 
264 1 |a New York :  |b Wiley,  |c [1952] 
300 |a 415 pages :  |b illustrations ;  |c 23 cm. 
336 |a text  |b txt  |2 rdacontent 
337 |a unmediated  |b n  |2 rdamedia 
338 |a volume  |b nc  |2 rdacarrier 
650 0 |a Volcanoes. 
650 0 |a Physical geography. 
999 |a MARS 
999 f f |s b0d2c5f2-7452-394d-aecd-08b1a19dc52b  |i 1bd09c0d-9c9f-3e56-ae0c-30717b7d96ba  |t 0 
952 f f |p ric  |a Texas A&M University  |b Rellis Campus  |c Joint Library Facility  |d Remote Storage  |t 0  |e QE522 .C6 1952  |h Library of Congress classification  |i unmediated -- volume  |m A14800950650 
998 f f |a QE522 .C6 1952  |t 0  |l Remote Storage